Głód - klasa 4 - Statystyki

Ogólne statystyki
  • Ten quiz został rozwiązany 4 razy
  • Średni wynik to 9 z 38
Statystyki odpowiedzi
Wskazówka Odpowiedź % Poprawnych
Jak nazywa się długotrwały brak wystarczającej ilości pożywienia, który może prowadzić do śmierci? głód
100%
Jakie zjawisko klimatyczne szczególnie ogranicza produkcję rolną w Afryce? susza
75%
Czy ilość produkowanej na świecie żywności wystarcza do wyżywienia całej ludzkości? tak
75%
Na którym kontynencie żyje największa liczba głodujących ludzi? Azja
50%
Jaka część spożywanego białka powinna pochodzić z produktów zwierzęcych? co najmniej 1/3
50%
Niedobór którego pierwiastka prowadzi do zaburzeń pracy tarczycy? jod
50%
Brak którego pierwiastka powoduje anemię? żelazo
50%
Ile gramów białka dziennie powinien spożywać dorosły człowiek? 60–80 g
25%
Co ile sekund statystycznie umiera dziecko z powodu głodu? 6 sekund
25%
Jak nazywa się przyczyna głodu wynikająca z działalności człowieka? antropogeniczna
25%
Jaka choroba jest skutkiem skrajnego niedoboru witaminy B1? beri-beri
25%
Które grupy społeczne są najczęściej dotknięte głodem i niedożywieniem? dzieci i kobiety
25%
Jak nazywa się agenda ONZ zajmująca się wyżywieniem i rolnictwem? FAO
25%
Jak nazywa się sytuacja, gdy ilość pożywienia jest wystarczająca, ale brakuje składników odżywczych? głód utajony
25%
Jak skrótowo określa się żywność modyfikowaną genetycznie? GMO
25%
Jak nazywa się wielki głód na Ukrainie z lat 1932–1933? hołodomor
25%
Kto wprowadził przymusową kolektywizację w ZSRR? Józef Stalin
25%
Jakie zjawisko polityczne często uniemożliwia normalną produkcję żywności? konflikty zbrojne
25%
W jakim państwie rządy totalitarne przyczyniają się do permanentnego niedożywienia ludności? Korea Północna
25%
Jaka przyrodnicza przyczyna głodu ma największe znaczenie? niedobór wody
25%
Jak określa się stan niedoboru żywności powodujący osłabienie organizmu? niedożywienie
25%
Jaki skutek głodu dotyczy głównie dzieci do 5. roku życia? śmierć
25%
Niedobór której witaminy powoduje kurzą ślepotę? witamina A
25%
Niedobór której witaminy prowadzi do szkorbutu? witamina C
25%
Ile kcal dziennie powinien spożywać dorosły człowiek według FAO (poziom normalny)? 2400–2900 kcal
0%
Jaki poziom wyżywienia występuje przy spożyciu poniżej 2000 kcal dziennie? głodowy
0%
Jak nazywa się choroba wynikająca z niedoboru białka? kwashiorkor
0%
Jak nazywa się metoda zwiększania plonów poprzez nawożenie i nawadnianie? metoda intensywna
0%
Jak nazywa się międzynarodowa organizacja niosąca pomoc ofiarom wojen i klęsk żywiołowych? Międzynarodowy Komitet Czerwonego Krzyża
0%
Jakie zjawisko społeczne jest skutkiem głodu i konfliktów? migracje
0%
Co symbolizuje „wędka” w pomocy krajom głodującym? możliwość samodzielnej produkcji żywności
0%
Ile dzieci umiera rocznie z powodu głodu na świecie? około 5 mln
0%
Ile osób na świecie było głodujących i niedożywionych w 2021 roku? około 768 mln
0%
Jak nazywa się bezpośrednie dostarczanie żywności potrzebującym? pomoc doraźna
0%
Jaki skutek gospodarczy głodu dotyczy rynku pracy? spadek wydajności pracy
0%
Jaka organizacja ONZ otrzymała Pokojową Nagrodę Nobla w 2020 r.? WFP
0%
Jakie zjawisko demograficzne pogłębia deficyt żywności w krajach biednych? wysoki przyrost naturalny
0%
Jak nazwano proces zwiększania wydajności rolnictwa zapoczątkowany w latach 60. XX w.? zielona rewolucja
0%
Nie znaleziono quizów pasujących do podanych kryteriów
Rozkład punktacji
Procent ludzi z każdym wynikiem
Percentyl według liczby udzielonych odpowiedzi
Twoja historia wyników
Nie rozwiązałeś tego quizu